| 000 | 00787nam a22002417a 4500 | ||
|---|---|---|---|
| 999 |
_c178609 _d178609 |
||
| 005 | 20210407175019.0 | ||
| 010 | _aENG-129394 | ||
| 020 |
_a978-93-89991-30-7 _c1995.00 |
||
| 035 | _aEN-112926 | ||
| 037 | _bDBAD/PUB | ||
| 082 | _a347.54077 | ||
| 100 | _aSarkar, M C | ||
| 245 |
_aSpecific Relief Act/ _bM C Sarkar, S C Sarkar and P C Sarkar |
||
| 250 | _a18th | ||
| 260 |
_aHaryana, India _bLexis Nexis _c2020 |
||
| 270 |
_bGurugaon _e122002 _a14th floor, Building No.10, Tower-B, DLF Cyber City, Phase-II _k911244774444 _l911244774100 _mhelp.in@lixisnexis.com |
||
| 300 |
_accx+854p. _c24cm(hbk) _bIncluding Index |
||
| 700 | _aS C Sarkar | ||
| 700 | _aP C Sarkar | ||
| 700 | _aSudipto Sarkar | ||
| 700 | _aAditya Swarup | ||
| 942 |
_2ddc _cEN _h347.54077 _mSAR |
||